Megatrendy a výzvy rozvoja politiky národného a medzinárodného cestovného ruchu

Podmienky a prognózy rozvoja cestovného ruchu na začiatku 21. storočia. Vplyv megatrendov na trh cestovného ruchu. Hlavné trendy v dopyte po cestovnom ruchu. Hlavné trendy v ponuke cestovného ruchu. Perspektívy národnej a medzinárodnej politiky cestovného ruchu. Faktory ovplyvňujúce politiku cestovn...

Descrizione completa

Salvato in:
Dettagli Bibliografici
Autore principale: Alejziak, Wieslaw
Natura: Capitolo di libro
Lingua:slovacco
Soggetti:
Tags: Aggiungi Tag
Nessun Tag, puoi essere il primo ad aggiungerne!!

MARC

LEADER 00000naa$a2200000$$$4500
001 0055986
005 20231016072802.9
041 0 |a slo 
044 |a SK 
245 1 0 |a Megatrendy a výzvy rozvoja politiky národného a medzinárodného cestovného ruchu  |c Wieslaw Alejziak 
520 |a Podmienky a prognózy rozvoja cestovného ruchu na začiatku 21. storočia. Vplyv megatrendov na trh cestovného ruchu. Hlavné trendy v dopyte po cestovnom ruchu. Hlavné trendy v ponuke cestovného ruchu. Perspektívy národnej a medzinárodnej politiky cestovného ruchu. Faktory ovplyvňujúce politiku cestovného ruchu v celosvetovom meradle zhrnuté v troch súčasných dokumentoch. Koncepcie politiky cestovného ruchu. Koncepcia tretej cesty navrhnutá P. Burnsom. 
610 2 0 |a ruch cestovný medzinárodný 
610 2 0 |a regióny 
610 2 0 |a rozvoj regionálny 
610 2 0 |a plánovanie 
610 2 0 |a prostredie životné 
610 2 0 |a rast hospodársky 
610 2 0 |a služby 
610 2 0 |a kvalita 
610 2 0 |a liberalizácia 
610 2 0 |a globalizácia 
610 2 0 |a podnikanie 
100 1 |a Alejziak, Wieslaw